000 00385nam a22001697a 4500
005 20260509144214.0
008 160530b xxu||||| |||| 00| 0 eng d
020 _a81-7224-740-0
041 _aeng
082 _a659.1
100 _aDennison, Dell
_91509
245 _aThe Advertising Hand Book
260 _bJaico Both
_c2003
300 _a294
650 _aManagement
942 _cBK
999 _c2133
_d2132